Grammaire pour ecrire et parler /

Enregistré dans:
Détails bibliographiques
Auteur principal: Fregosi, X
Format: Livre
Publié: Pari : Fernad Nathan, 1968.
Sujets:
Tags: Ajouter un tag
Pas de tags, Soyez le premier à ajouter un tag!
Thư viện lưu trữ: Mạng thư viện Đại học Đà Nẵng
LEADER 00839nam a22002531a 4500
001 000036476
003 12771
005 20221121110537.0
008 160408s1968 000
082 |a 445  |b FR-X 
100 |a Fregosi, X 
245 0 |a Grammaire pour ecrire et parler /  |c X Fregosi. 
260 |a Pari :  |b Fernad Nathan,  |c 1968. 
300 |a 125tr. : ;  |c 26cm. 
653 |a Grammaire  |a pour ecrire et parler 
OWN |a LNN 
AVA |a UDN50  |b LNN  |c French  |d 445FR-X  |e available  |t Error 5001 Not defined in file expand_doc_bib_avail.  |f 2  |g 0  |h N  |i 0  |j PN 
999 |a From the UDN01 
AVA |a UDN50  |b LNN  |c French  |d 445FR-X  |e available  |t Error 5001 Not defined in file expand_doc_bib_avail.  |f 2  |g 0  |h N  |i 0  |j PN 
TYP |a Monograph 
980 |a Mạng thư viện Đại học Đà Nẵng